MARC

Tag First Indicator Second Indicator Subfields
LEADER 00000cam a22000001 4500
001 in00000054011
005 20230629141556.0
008 731004s1959 nyu 000 0 eng
010 |a  59010839  
019 |a 709202 
029 1 |a AU@  |b 000007836157 
029 1 |a AU@  |b 000024992524 
029 1 |a DEBBG  |b BV010518730 
029 1 |a DEBBG  |b BV021984919 
029 1 |a DEBSZ  |b 000371742 
029 1 |a GBVCP  |b 019063385 
029 1 |a HEBIS  |b 28073168X 
029 1 |a NLGGC  |b 106865501 
029 1 |a NZ1  |b 6831305 
029 1 |a NZ1  |b 716967 
035 |a (OCoLC)ocm40641660  
035 |a (OCoLC)40641660  |z (OCoLC)709202 
035 |a (OCoLC)ocm40641660  
040 |a DLC  |b eng  |c DLC  |d YNG  |d DQ$  |d SER  |d DRB  |d DEBBG  |d GBVCP  |d OCLCF  |d SHH  |d OCLCQ  |d UKUOY  |d PEX  |d OCLCO  |d OCLCQ  |d NZ1  |d OCLCQ  |d OCLCA  |d J9U  |d OCLCO  |d NKM 
042 |a premarc 
043 |a n-us--- 
050 0 0 |a UA23  |b .M63 1959 
082 0 |a 355.0973 
084 |a MG 70940  |2 rvk 
100 1 |a Morgenstern, Oskar,  |d 1902-1977. 
245 1 4 |a The question of national defense. 
260 |a New York,  |b Random House  |c [1959] 
300 |a xii, 306 pages  |c 22 cm 
336 |a text  |b txt  |2 rdacontent 
337 |a unmediated  |b n  |2 rdamedia 
338 |a volume  |b nc  |2 rdacarrier 
504 |a Includes bibliographical references and index. 
651 0 |a United States  |x Defenses. 
651 0 |a United States  |x Military policy. 
650 0 |a World politics. 
651 6 |a États-Unis  |x Défense nationale. 
650 6 |a Politique mondiale. 
650 7 |a Military policy.  |2 fast  |0 (OCoLC)fst01021386 
650 7 |a Military readiness.  |2 fast  |0 (OCoLC)fst01021419 
650 7 |a World politics.  |2 fast  |0 (OCoLC)fst01181381 
651 7 |a United States.  |2 fast  |0 (OCoLC)fst01204155 
650 7 |a Defence  |2 gnd 
610 2 7 |a Universidad Sergio Arboleda  |2 gnd 
651 7 |a USA  |2 gnd 
650 7 |a World politics.  |2 nli 
651 7 |a United States  |x Defenses.  |2 nli 
651 7 |a United States  |x Military policy.  |2 nli 
650 0 7 |a Defence.  |2 swd 
651 7 |a USA.  |2 swd 
653 0 |a United States  |a Defenses 
653 0 |a United States  |a Military policy 
653 0 |a World politics 
776 0 8 |i Online version:  |a Morgenstern, Oskar, 1902-1977.  |t Question of national defense.  |d New York : Random House, 1959  |w (OCoLC)568681460 
948 |h NO HOLDINGS IN TXA - 481 OTHER HOLDINGS 
994 |a Z0  |b TXA 
999 f f |s 9b8cec8f-f702-3649-9892-5e954a59bbc5  |i f4e07dd6-a048-3d1f-8cc0-4c5e6e3f2960  |t 0 
952 f f |p ric  |a Texas A&M University  |b Rellis Campus  |c Joint Library Facility  |s JLF  |d Remote Storage  |t 0  |e UA23 .M63  |h Library of Congress classification  |i unmediated -- volume  |m A14800803552